00242nam a22001097a 4500003000400000082001800004100001900022245002500041260003700066300000900103650002000112SGT a617.692bL09B aBHATIYA, KRITI aLAMINATE AND VEBEERS aDELHI NCR bSGTU GURUGRAM c2009 a1-80 aPROSTHODONTICS